La autonomía en la escuela / (Record no. 5092)

MARC details
000 -CABECERA
campo de control de longitud fija 00656nam a2200205 a 4500
005 - FECHA Y HORA DE LA ÚLTIMA TRANSACCIÓN
campo de control 20240913064028.0
008 - ELEMENTOS DE LONGITUD FIJA--INFORMACIÓN GENERAL
campo de control de longitud fija 991125s1968 ag 000 0 spa u
035 ## - NÚMERO DE CONTROL DEL SISTEMA
Número de control de sistema UPN01000005092
049 ## - COLECCIÓN
Colección CG
050 #4 - SIGNATURA TOPOGRÁFICA DE LA BIBLIOTECA DEL CONGRESO
Número de clasificación LB3092 P42
Número de documento/Ítem A9.8 1968
100 1# - ASIENTO PRINCIPAL--NOMBRE PERSONAL
Nombre de persona Piaget, Jean,
Fechas asociadas al nombre 1896-1980
245 13 - MENCIÓN DE TÍTULO
Título La autonomía en la escuela /
Mención de responsabilidad, etc. Jean Piaget y J. Heller ; tr. María Luisa Navarro de Luzuriaga.
250 ## - MENCIÓN DE EDICIÓN
Mención de edición 6a ed.
260 ## - PUBLICACIÓN, DISTRIBUCIÓN, ETC.
Lugar de publicación, distribución, etc. Buenos Aires :
Nombre del editor, distribuidor, etc. Losada,
Fecha de publicación, distribución, etc. 1968.
300 ## - DESCRIPCIÓN FÍSICA
Extensión 193 p.
440 #0 - MENCIÓN DE SERIE/ASIENTO SECUNDARIO--TÍTULO
Título Publicaciones de la Revista de Pedagogía.
Nombre de parte o sección de la obra La escuela activa
650 #4 - ASIENTO SECUNDARIO DE MATERIA - TERMINO TEMATICO
Término de materia o nombre geográfico como elemento de entrada Autonomía en la educación
9 (RLIN) 3083
650 #4 - ASIENTO SECUNDARIO DE MATERIA - TERMINO TEMATICO
Término de materia o nombre geográfico como elemento de entrada Escuela activa
9 (RLIN) 4099
905 ## - TIPO DE MATERIAL
Tipo de material Libro
Holdings
Estado de retiro Estado de pérdida Fuente del sistema de clasificación o colocación Estado dañado No para préstamo Código de colección Localización permanente Ubicación/localización actual Ubicación en estantería Fecha de adquisición Total de préstamos Clasificación Código de barras Fecha visto por última vez Fecha del último préstamo Número de copia Tipo de ítem Koha
    Library of Congress Classification     Colección General Bib. Gregorio Torres Quintero Bib. Gregorio Torres Quintero Planta baja 10/09/2022 26 LB3092 P42 A9.8 1968 36458 13/11/2024 28/10/2024 1 Libro
    Library of Congress Classification     Colección General Bib. Gregorio Torres Quintero Bib. Gregorio Torres Quintero Planta baja 20/09/2023 28 LB3092 P42 A9.8 1968 36457 27/11/2024 13/11/2024 1 Libro
    Library of Congress Classification     Colección General Bib. Gregorio Torres Quintero Bib. Gregorio Torres Quintero Planta baja 22/08/2022 12 LB3092 P42 A9.8 1968 36456 26/04/2023 28/03/2023 1 Libro